BIBLIOTHÈQUE DE LA MAISON DU MEXIQUE

Logo 1 Logo 2

La pintura prehistórica (notice nᵒ 11454)

détails MARC
000 -Sello discográfico
campo de control de longitud fija 01060nam a2200337 4500
005 - Identificación de versión
campo de control 20251016084433.0
035 ## - Otros números de control del sistema
Número de control del sistema 5721
099 ## - fechas locales
Tipo de ítem Koha LIBRO
100 ## - Datos de procesamiento general
Datos de procesamiento general 20040603d19751950m y1spay5003 ba
105 ## - Campo de datos codificados: Material textual, monográfico
Datos codificados de monografía a 001zy
200 1# - Título y mención de responsabilidad
Título propio La pintura prehistórica
Designación general del material texto impreso
Primer mención de responsabilidad A. Houghton Brodrick
Declaración de responsabilidad subsiguiente traducción Helena Pereña de Malagón
205 ## - Declaración de edición
Declaración de edición 3a reimpr de la 1a ed
210 ## - Publicación, distribución, etc.
Lugar de publicación, distribución, etc. México
Nombre del editor, distribuidor, etc. Fondo de Cultura Económica
Fecha de publicación, distribución, etc. 1975
215 ## - Descripción física
Designación de material específico y extensión del ítem 141 p
Otras características físicas il.
Dimensiones 17 cm
300 ## - Notas generales
Texto de la nota Incluye explicación de láminas
345 ## - Nota de información de adquisición
Fuente de adquisición/dirección de la suscripción [OBSOLETO] Donación
410 #1 - Series
Título Breviarios del Fondo de Cultura Económica
Número de volumen 37
454 #1 - Traducción de
Título Prehistoric Painting
606 ## - Término temático usado como materia
Elemento de entrada Arte primitivo
Número Koha 5783
606 ## - Término temático usado como materia
Elemento de entrada Pintura
Número Koha 10413
660 ## - Código de área geográfica
Código MX
700 ## - Nombre personal - Responsabilidad primaria
Elemento de entrada Brodrick
Parte del nombre distinta del elemento de entrada Alan Houghton
Fechas 1890-
Número Koha 1351
702 ## - Nombre personal - Responsabilidad secundaria
Elemento de entrada Pereña de Malagón
Parte del nombre distinta del elemento de entrada Helena
Número Koha 10098
801 #0 - Fuente de origen
País FR
Agencia cm
Reglas de catalogación (convenciones descriptivas) AFNOR
900 ## -
-- 1/7549
900 ## -
-- 7100419314\030604
942 ## - ELEMENTOS DE ENTRADA SECUNDARIOS (KOHA)
Tipo de ítem Koha Livre
996 ## -
-- MEX
-- 751145101
-- MMAG
-- 004521
-- 082.1 B846 V.37
-- 20210204LIV
Exemplaires
Estatus retirado Estado de daño Estado de pérdida Fecha de adquisición Biblioteca de origen Biblioteca actual Ubicación en estantería Código de barras Precio de reemplazo Signatura topográfica completa No para préstamo Tipo de ítem Koha Nota pública Nota no pública
      05/08/2025 Casa México Paris Casa México Paris   004521 05/08/2025 082.1 B846 V.37   Livre 20210204LIV 751145101